000
00508nam a2200145Ia 4500
008
100204s9999 xx 000 0 und d
082
_b
3200
100
_a
बेलवलकर वासुदेव
245
_a
कळस चढविला मंदिरी
260
_b
प्रमोद प्रकाशन पुणे
_c
1981
300
_a
527
630
_a
कळस चढविला मंदिरी
730
_a
कळस चढविला मंदिरी
942
_c
BOOK
999
_c
448169
_d
448166